Circle MRT Line (Singapore) - Statistics

General Stats
  • This quiz has been taken 33 times
  • The average score is 19 of 31
Answer Stats
Hint Answer % Correct
CC 15 (NS 17) Bishan
85%
CC 21 Holland Village
85%
CC 6 Stadium
85%
CC 19 (DT 9) Botanic Gardens
81%
CC 22 (EW 21) Buona Vista
81%
CC 1 (NS24 & NE6) Dhoby Ghaut
81%
CC 16 Marymount
77%
CC 9 (EW 8) Paya Lebar
77%
CC 4 (DT 15) Promenade
77%
CC 17 (TE 9) Caldecott
73%
CC 20 Farrer Road
73%
CC 29 (NW 1) HarbourFront
73%
CE 2 (NS 27 & TE 20) Marina Bay
69%
CC 11 Tai Seng
69%
CC 3 Esplanade
65%
CC 14 Lorong Chuan
65%
CC 5 Nicoll Highway
65%
CC 23 one-north
65%
CE 1 (DT 16) Bayfront
62%
CC 10 (DT26) MacPherson
62%
CC 2 Bras Basah
58%
CC 8 Dakota
58%
CC 24 Kent Ridge
54%
CC 27 Labrador Park
54%
CC 7 Mountbatten
54%
CC 28 Telok Blangah
54%
CC 12 Bartley
50%
CC 26 Pasir Panjang
46%
CC 18 [Future] Bukit Brown
27%
CC 13 (NE 12) Serengoon
19%
CC 25 Haw Par Village
0%
No matching quizzes found
Score Distribution
Percent of People with Each Score
Percentile by Number Answered
Your Score History
You have not taken this quiz